| 000 | 00000nam##2200000za#4500 |
| 001 | 9.602200 |
| 003 | CaOODSP |
| 005 | 20210624210442 |
| 007 | cr ||||||||||| |
| 008 | 150406|2001||||xxc|||||o f|0| 0 fre|d |
| 040 | |aCaOODSP|bfre |
| 043 | |an-cn--- |
| 086 | 1 |aNH18-23/92F-PDF |
| 110 | 2 |aSociété canadienne d'hypothèques et de logement. |
| 245 | 10|aL'évolution du marché du travail et des aspirations des canadiens en matière de logement |h[ressource électronique] |
| 260 | |aOttawa - Ontario : |bSociété canadienne d'hypothèques et de logement |cNovembre 2001. |
| 300 | |a4p.|btableau |
| 490 | 1 |aLe point en recherche. Série socio-économique |v92 |
| 500 | |aSur la couverture : Ce Point en recherche est fondé sur un rapport de recherche publié en 1998 par la SCHL |
| 590 | |a11-23-Supp|b2011-10-17 |
| 691 | 07|aLogement|2gcpds |
| 691 | 07|aMarché du travail|2gcpds |
| 775 | 08|tThe changing nature of work and future housing aspirations of Canadians |w(CaOODSP)9.571775 |
| 776 | 0#|tL'évolution du marché du travail et des aspirations des canadiens en matière de logement |w(CaOODSP)9.625891 |
| 830 | #0|aLe point en recherche. Série socio-économique ;|v92|w(CaOODSP)9.501568 |
| 856 | 40|ahttp://publications.gc.ca|qPDF|s100 Ko|uhttps://publications.gc.ca/collections/Collection/NH18-23-92F.pdf|y92 |